MDQL
is popping MORE tags! Check the
thread
!
Quizzes
Events
Quiz Creation
Community
Videos
Private Events
Remove Ads
Sign In
Join for FREE
Feedback
Dark Mode
Quiz Categories
Sports
Geography
Music
Movies
Television
Just For Fun
Miscellaneous
History
Literature
Language
Science
Gaming
Entertainment
Religion
Holiday
For Kids
Quiz Lab
Recent
Popular Today
Quiz Kudos Today
Editor Picks
Curator Picks
Quizzes by...
Day
Popularity
Type
Ratings
Length
Year
Community
Subscriptions
Recent Discussions
Orange Saloon
Badges
Playlists
Quests
Create
Leaderboards
Showdown
Live 5
Trivia Bingo
Activity
Puzzle Library
Sporcle Events
Private Events
Virtual Trivia
Globe League
Become a Host
Pub Owners
SporcleCon
Opinionation
Our Games
Videos
Blog
Mobile Apps
Partnerships
Remove Ads and Go Orange
Feedback
Entertainment
Celebrity
Famous
Musical
Broadway
Show
Quote
Comic Books
Anime
Superhero
DC Comics
Marvel
Cartoons
Animation
Entertainment
Celebrity
Famous
Musical
Broadway
Show
Quote
Comic Books
Anime
Superhero
DC Comics
Marvel
Cartoons
Animation
Random Quiz
Search Sporcle
×
Quiz Lab
Quiz Lab
Entertainment
Country
Type in answers that appear in a list
Type in answers that appear in a list
Classic
Best Score? Go Orange.
Best Eurovision Result Stats
Can you name the Best result by country?
By
1993me1993
5m
51 Questions
2,840 Plays
2,840 Plays
2,840 Plays
Comments
Comments
Give Quiz Kudos
Give Quiz Kudos
-
- Ratings
hide this ad
Forced Order
Answers have to be entered in order
Answers have to be entered in order
Replay
Link that replays current quiz
Next Quiz
Link to next quiz in quiz playlist
You Got
0%
They Got
Avg Score
59%
Avg Friend Score
Upgrade to see
Score Distribution
Jump to the score distribution portion of the page
Score
0/51
Timer
05:00
0
Plays Today
Result
Country
% Correct
1st
Switzerland
91%
1st
Ireland
90.1%
1st
Sweden
88%
1st
Germany
87.4%
1st
Norway
86.9%
1st
Finland
86.3%
1st
Serbia
85.6%
1st
Denmark
85.5%
1st
Russia
85.2%
1st
Greece
84.9%
1st
United Kingdom
84.9%
1st
Ukraine
84.6%
1st
Estonia
84.4%
1st
Azerbaijan
84.4%
1st
Turkey
84.2%
1st
Latvia
84.2%
1st
France
83.7%
1st
Netherlands
82%
1st
Israel
80.9%
1st
Luxembourg
79.5%
1st
Italy
75.6%
1st
Spain
75.4%
1st
Yugoslavia
68.9%
1st
Monaco
68.1%
1st
Belgium
68%
1st
Austria
67.8%
Result
Country
% Correct
2nd
Iceland
66.5%
2nd
Malta
58.2%
2nd
Poland
55.1%
3rd
Romania
53%
2nd
Serbia and Montenegro
49.1%
3rd
Bosnia and Herzegovina
42%
4th
Armenia
40%
5th
Albania
39.8%
14th (SF)
San Marino
35.3%
4th
Hungary
34.5%
5th
Cyprus
33.5%
4th
Croatia
33%
18th (SF)
Czech Republic
32.6%
12th (SF)
Andorra
32.3%
5th
Bulgaria
32.3%
6th
Portugal
30%
18th
Morocco
29.6%
9th
Georgia
29.3%
6th
Belarus
28.2%
6th
Lithuania
27.3%
7th
Slovenia
25.5%
11th (SF)
Montenegro
25.2%
18th
Slovakia
25.1%
12th
FYR Macedonia
24.9%
6th
Moldova
24.9%
Quiz Playlist
Details
Report
Send in Message
Add To Playlist
Classic:
Type in answers that appear in a list
Forced Order:
Answers have to be entered in order
Last Updated: Feb 16, 2017
Quiz Scoreboard
CHALLENGE
Sign Up to Join the Scoreboard
Show All
Scores
Hide
Comments
May contain spoilers
Recently Published
Find the 'City' Movie
by crazypaving
Movies
60s
5x2 Blitz: Bands
by SL_Kpop136
Music
30s
Colored Red Africa Blitz
by spor1
Geography
30s
More to Explore
Quiz From the Vault
Featured Blog Post
14 Easter Pick-up Lines to Find Eggs With
hide this ad
You Might Also Like...
Tags
Country Quiz
Eurovision
result
Today's Top Quizzes in Entertainment
Browse Entertainment
hide this ad
Today's Top Quizzes in Country
Browse Country
Top Contributed Quizzes in Entertainment
1
Dragon Ball Z: Goku's Fights in Order
2
Marvel Classic Character Map
3
Marvel Characters Bunker
4
BOYS PLANET Quiz
5
Celebrity Spelling Bee
6
This is Your Life: Edward Elric
7
Survivor Winners Logic Quiz
8
This is Your Life: Itachi Uchiha
9
Dragon Ball Z: Immortal Characters
10
One Piece Heroines Chapter Cover
Explore More
Trending Topics
NBA
Crossword
Anime
Disney
Harry Potter
Marvel
Kpop
NFL
Country
Song
Soccer
WWE
The Office
Puzzle
Pokémon
hide this ad
More By:
1993me1993
Quiz
Plays
Rating
Category
Featured
Created
Best Eurovision Result
2,840
3.27
Entertainment
Jul 9, 2010
Eurovision 2009 Final
499
5.00
Television
Jul 16, 2010
Eurovision 2010 Final
297
5.00
Music
Jul 16, 2010
Who'd they represent at Eurovision?
139
Entertainment
Sep 20, 2011
Go to Creator's Profile
Score Distribution
Quiz Creator Spotlight
1993me1993
Follow
Send a Message
Quizzes Created
-
Created Quiz Play Count
-
More By This Creator
Popular Quizzes Today
1
Colored Red Africa Blitz
2
Find the US States - No Outlines Minefield
3
Find the 'City' Movie
4
5x2 Blitz: Bands
5
The Countries of the World
6
Find the US States
7
US States
8
9x9 Crossword: Cartoon Network
More Entertainment Quizzes
Headless Cartoon Dogs
Editor's Pick
Trending Quizzes
Colored Red Europe Blitz I
Colored Red Europe Blitz II
Colored Red Africa Blitz II
Colored Red Africa Blitz III
Colored Red Europe Blitz III
Recently Updated
Godzilla Movies
pecheneg
Grab Bag: 4-10 Letters
pecheneg
2024 March Madness Bracket
pecheneg
Famous TV Couples
Peacemaker
Champions League XIs: Real Madrid
pecheneg
Largest US Cities 1790-2010
pecheneg
Rides in Walt Disney World
pecheneg
Most Oscar Losses (Acting)
pecheneg
Beyoncé Albums
pecheneg
Leaping Animals
pecheneg
Trending Topics
NBA
Kpop
Disney
Marvel
Anime
Harry Potter
Crossword
NFL
Country
WWE
Soccer
Puzzle
Pokémon
Song
The Office
Your Account Isn't Verified!
In order to create a playlist on Sporcle, you need to verify the email address you used during registration. Go to your
Sporcle Settings
to finish the process.
Report this User
Report this user for behavior that violates our
Community Guidelines
.
Details:
Send Report
Go to the Sporcle.com Mobile Site →
Comments